¿ Guerra y censura...algo inseparable?

Uloženo v:
Podrobná bibliografie
Hlavní autor: Kunczik, Michael
Médium: Text
Vydáno: Bonn: Fundación Friedrich Ebert Stiftung
Tagy: Přidat tag
Žádné tagy, Buďte první, kdo vytvoří štítek k tomuto záznamu!

MARC

LEADER 00000 a a2200000 04500
001 23283
003
040
090 |a 161100  
100 |a Kunczik, Michael  
245 |a ¿ Guerra y censura...algo inseparable?  
260 |a Bonn:   |b Fundación Friedrich Ebert Stiftung  
300 |a 36 p.  
999 |c 1236  |d 1236